Computing fundamentals (Record no. 16860)

MARC details
000 -LEADER
fixed length control field 00479nam a22001697a 4500
008 - FIXED-LENGTH DATA ELEMENTS--GENERAL INFORMATION
fixed length control field 180623b xxu||||| |||| 00| 0 eng d
040 ## - CATALOGING SOURCE
Original cataloging agency KABU
Transcribing agency KABU
050 ## - LIBRARY OF CONGRESS CALL NUMBER
Classification number QA76.5
Item number .W46 2014 c. 1
100 ## - MAIN ENTRY--PERSONAL NAME
Personal name Wempen, Faithe
245 ## - TITLE STATEMENT
Title Computing fundamentals
250 ## - EDITION STATEMENT
Edition statement IC3 edition
260 ## - PUBLICATION, DISTRIBUTION, ETC. (IMPRINT)
Place of publication, distribution, etc. West Sussex, UK
Name of publisher, distributor, etc. John Wiley & sons Ltd
Date of publication, distribution, etc. 2014
300 ## - PHYSICAL DESCRIPTION
Extent xxx, 722 p.
650 ## - SUBJECT ADDED ENTRY--TOPICAL TERM
Topical term or geographic name as entry element Microcomputers
650 ## - SUBJECT ADDED ENTRY--TOPICAL TERM
Topical term or geographic name as entry element Computer science
942 ## - ADDED ENTRY ELEMENTS (KOHA)
Source of classification or shelving scheme Library of Congress Classification
Koha item type General Collection
Edition IC3 edition
Classification part QA76.5
Holdings
Withdrawn status Lost status Source of classification or shelving scheme Not for loan Home library Current library Shelving location Date acquired Cost, normal purchase price Total Checkouts Full call number Barcode Date last seen Date last checked out Copy number Price effective from Koha item type Total Renewals
    Library of Congress Classification   Kabarak, Main Campus Kabarak, Main Campus General Stacks 23/06/2018 5725.00 7 QA76.5 .W46 2014 c. 1 025221 08/12/2025 06/12/2025 c. 1 23/06/2018 General Collection  
    Library of Congress Classification   Kabarak, Main Campus Kabarak, Main Campus General Stacks 23/06/2018 5725.00 8 QA76.5 .W46 2014 c. 2 025220 13/12/2022 23/11/2022 c. 2 23/06/2018 General Collection 1
    Library of Congress Classification   Kabarak, Main Campus Kabarak, Main Campus General Stacks 23/06/2018 5725.00 7 QA76.5 .W46 2014 c. 3 025219 15/02/2023 01/02/2023 c. 3 23/06/2018 General Collection  
    Library of Congress Classification   Kabarak, Main Campus Kabarak, Main Campus General Stacks 23/06/2018 5725.00 2 QA76.5 .W46 2014 c. 4 025218 16/12/2019 02/12/2019 c. 4 23/06/2018 General Collection  
    Library of Congress Classification   Kabarak, Main Campus Kabarak, Main Campus General Stacks 23/06/2018 5725.00 8 QA76.5 .W46 2014 c. 5 025217 25/09/2023 13/09/2023 c. 5 23/06/2018 General Collection 1
Designed with assistance from East African Informatics Ltd